[Event "España ch sub-18 2007"]
[Site "Granada ESP"]
[Date "2007.07.31"]
[Round "5.7"]
[White "Fernandez Garcia, Jose Miguel"]
[Black "Valmaña Canto, Jaime"]
[Result "0-1"]
[WhiteElo "2036"]
[BlackElo "2346"]
[PlyCount "124"]
[EventDate "2007.07.29"]
[EventType "swiss"]
[EventRounds "9"]
[EventCountry "ESP"]
[Source "lmi"]
[SourceDate "2007.07.29"]

1. e4 c5 2. Nf3 Nf6 3. Nc3 Nc6 4. d4 cxd4 5. Nxd4 e6 6. Nxc6 bxc6 7. e5 Nd5 8.
Ne4 Bb7 9. c4 Nb4 10. Bd2 Qh4 11. Qf3 c5 12. Bxb4 Bxe4 13. Qe2 Bc6 14. Bc3 Be7
15. g3 Qh6 16. f3 f6 17. Bg2 fxe5 18. Bxe5 Bf6 19. O-O Bxe5 20. Qxe5 O-O 21. f4
Bxg2 22. Kxg2 Rf5 23. Qe4 Rb8 24. b3 Rh5 25. h4 d5 26. cxd5 exd5 27. Qe7 d4 28.
Rae1 Qc6+ 29. Qe4 Rd5 30. Qe6+ Qxe6 31. Rxe6 Rb6 32. Re7 Ra6 33. Rf2 Kf8 34.
Ree2 Kf7 35. Rf3 Re6 36. Kf2 Rdd6 37. Rc2 Rd5 38. Rd3 a5 39. Rc4 Rb6 40. Ra4
Rb5 41. Kf3 Rd7 42. Ke4 Ke6 43. Rd2 Re7 44. Re2 Kd6+ 45. Kd3 Rxe2 46. Kxe2 Kd5
47. Kd3 h5 48. f5 Ke5 49. Ra3 Kxf5 50. Kc4 Rb4+ 51. Kd3 a4 52. bxa4 Ke5 53. a5
c4+ 54. Kc2 Rb7 55. a6 Ra7 56. Ra4 Ke4 57. Kd2 c3+ 58. Ke2 c2 59. Kd2 Rc7 60.
Kc1 Ke3 61. a7 d3 62. Ra3 Rb7 0-1

[Event "España ch sub-18 2007"]
[Site "Granada ESP"]
[Date "2007.07.31"]
[Round "5.8"]
[White "Aguado Solana, Juan"]
[Black "Mestre Bellido, Hector"]
[Result "0-1"]
[WhiteElo "1995"]
[BlackElo "2269"]
[PlyCount "86"]
[EventDate "2007.07.29"]
[EventType "swiss"]
[EventRounds "9"]
[EventCountry "ESP"]
[Source "lmi"]
[SourceDate "2007.07.29"]

1. e4 e5 2. Nf3 Nc6 3. Bb5 a6 4. Ba4 Nf6 5. O-O b5 6. Bb3 Bc5 7. a4 Rb8 8. c3
d6 9. d4 Bb6 10. a5 Nxa5 11. Rxa5 Bxa5 12. dxe5 Nxe4 13. Qd5 Be6 14. Qxe4 Bxb3
15. Nd4 O-O 16. Nxb3 Bb6 17. Nd4 Qd7 18. Nf5 Qe6 19. Bh6 g6 20. Nd4 Bxd4 21.
cxd4 Rfe8 22. f4 Rbd8 23. Bg5 f6 24. Bh4 dxe5 25. fxe5 f5 26. Qf4 Rd7 27. Nc3
Qb3 28. Qf2 b4 29. Nd1 c5 30. Qe3 Qxe3+ 31. Nxe3 cxd4 32. Nc4 Rc7 33. b3 a5 34.
Bf6 d3 35. Rd1 Rxc4 36. bxc4 a4 37. Rxd3 b3 38. e6 Rxe6 39. Bb2 Re2 40. Rd8+
Kf7 41. Ra8 Rxb2 42. Rxa4 Ra2 43. Rb4 b2 0-1

[Event "España ch sub-18 2007"]
[Site "Granada ESP"]
[Date "2007.07.31"]
[Round "5.9"]
[White "Camacho Collados, Marcos"]
[Black "Tierraseca Montero, Pablo"]
[Result "1-0"]
[WhiteElo "2239"]
[BlackElo "2119"]
[PlyCount "147"]
[EventDate "2007.07.29"]
[EventType "swiss"]
[EventRounds "9"]
[EventCountry "ESP"]
[Source "lmi"]
[SourceDate "2007.07.29"]

1. e4 c5 2. Nf3 d6 3. d4 cxd4 4. Nxd4 Nf6 5. Nc3 a6 6. Be2 e6 7. O-O Be7 8. Be3
O-O 9. f4 Qc7 10. Kh1 Nc6 11. Qe1 Na5 12. Qg3 Kh8 13. Rae1 b5 14. a3 Nc4 15.
Bc1 Bb7 16. Bd3 Nd7 17. b3 Na5 18. Bb2 Bf6 19. Nd1 Rac8 20. Nf2 Nc6 21. e5 dxe5
22. Nxc6 e4 23. Bxf6 Nxf6 24. Nxe4 Nxe4 25. Rxe4 Bxc6 26. Re3 Rcd8 27. Qh4 h6
28. Qh5 Rd5 29. Qg4 Rd4 30. Qg3 Qb7 31. Rfe1 Qb6 32. Qf2 Qd8 33. Re5 Qd6 34. h3
Rd5 35. Rxd5 Bxd5 36. a4 b4 37. f5 e5 38. f6 g6 39. Qe3 Qxf6 40. Qxe5 Qxe5 41.
Rxe5 Bb7 42. Re7 Bc8 43. Re4 Kg7 44. Rxb4 Re8 45. Rb6 Re1+ 46. Kh2 h5 47. Bxa6
Be6 48. Bd3 h4 49. a5 Bd5 50. Rd6 Ba8 51. Bc4 Re5 52. a6 Rg5 53. Rd2 Rf5 54.
Kg1 g5 55. a7 Ra5 56. Rd7 Kf6 57. Rxf7+ Ke5 58. Bd3 Kd4 59. Kf2 Ra2 60. Rf6
Rxa7 61. Rf5 Rg7 62. b4 Kc3 63. Be2 Be4 64. Rc5+ Kd2 65. Bf3 Bxc2 66. b5 Bd3
67. b6 Ba6 68. Ra5 Bc8 69. Ra8 Rg6 70. Rxc8 Rxb6 71. Rd8+ Kc3 72. Rd5 Rg6 73.
Ke3 Kc4 74. Ke4 1-0

[Event "España ch sub-18 2007"]
[Site "Granada ESP"]
[Date "2007.07.31"]
[Round "5.10"]
[White "Aranaz Murillo, Amalia"]
[Black "Gonzalez Merino, Alberto"]
[Result "1/2-1/2"]
[WhiteElo "1706"]
[BlackElo "2172"]
[PlyCount "84"]
[EventDate "2007.07.29"]
[EventType "swiss"]
[EventRounds "9"]
[EventCountry "ESP"]
[Source "lmi"]
[SourceDate "2007.07.29"]

1. Nf3 d5 2. d4 Nf6 3. c4 e6 4. cxd5 exd5 5. Bg5 Be7 6. Nc3 O-O 7. e3 c6 8. Qc2
Re8 9. Bd3 Nbd7 10. O-O Nf8 11. Rab1 a5 12. a3 Ne4 13. Bxe7 Qxe7 14. b4 axb4
15. axb4 Ra3 16. Bxe4 dxe4 17. Nd2 f5 18. Nc4 Ra6 19. Qe2 Be6 20. b5 cxb5 21.
Nxb5 Rc8 22. Ne5 Nd7 23. Nxd7 Qxd7 24. Rfc1 Ra2 25. Rxc8+ Qxc8 26. Qe1 Qc6 27.
Nc3 Rc2 28. Ne2 b5 29. Nf4 Ba2 30. Rd1 g5 31. d5 Qd6 32. Ne6 Bc4 33. Nd4 Ra2
34. Nxf5 Qd7 35. Ng3 Bd3 36. Qc3 Qxd5 37. Nh5 Qf7 38. Qc8+ Qf8 39. Qe6+ Qf7 40.
Qc8+ Qf8 41. Qe6+ Qf7 42. Qc8+ Qf8 1/2-1/2

[Event "España ch sub-18 2007"]
[Site "Granada ESP"]
[Date "2007.07.31"]
[Round "5.11"]
[White "Jordan Martinez, David"]
[Black "Vallejo Diaz, Javier"]
[Result "0-1"]
[WhiteElo "2104"]
[BlackElo "2319"]
[PlyCount "64"]
[EventDate "2007.07.29"]
[EventType "swiss"]
[EventRounds "9"]
[EventCountry "ESP"]
[Source "lmi"]
[SourceDate "2007.07.29"]

1. e4 d6 2. d4 Nf6 3. Nc3 Nbd7 4. Nf3 e5 5. Bc4 Be7 6. O-O O-O 7. Re1 c6 8. a4
b6 9. d5 cxd5 10. Nxd5 Bb7 11. Nxe7+ Qxe7 12. Bg5 h6 13. Bxf6 Nxf6 14. Qd3 Rac8
15. Bb3 Rfd8 16. a5 Qc7 17. a6 Ba8 18. Nh4 d5 19. exd5 Bxd5 20. Qe3 e4 21. Rad1
Bxb3 22. Rxd8+ Rxd8 23. Qxb3 Rd2 24. g3 Qc5 25. Qe3 Qxc2 26. b4 Rd1 27. Rxd1
Qxd1+ 28. Kg2 Qa4 29. Qd4 Qxa6 30. Qd8+ Kh7 31. Qc7 Qa2 32. Qc3 Qd5 0-1

[Event "España ch sub-18 2007"]
[Site "Granada ESP"]
[Date "2007.07.31"]
[Round "5.12"]
[White "Pardo Simon, David"]
[Black "Dominguez Pons, Eric"]
[Result "0-1"]
[WhiteElo "2080"]
[BlackElo "2221"]
[PlyCount "108"]
[EventDate "2007.07.29"]
[EventType "swiss"]
[EventRounds "9"]
[EventCountry "ESP"]
[Source "lmi"]
[SourceDate "2007.07.29"]

1. e4 c5 2. Nf3 d6 3. d4 cxd4 4. Qxd4 a6 5. Bg5 Nc6 6. Qe3 h6 7. Bh4 Qa5+ 8.
Nc3 g6 9. Be2 Bg7 10. O-O g5 11. Bg3 Nf6 12. Rad1 Be6 13. Nd4 Nxd4 14. Rxd4 Nd7
15. Rdd1 Qc5 16. Nd5 Bxd5 17. exd5 Bxb2 18. Qb3 Qb6 19. Qa4 Qc7 20. Rb1 Bg7 21.
Rfe1 O-O 22. f4 b5 23. Qb3 Qc3 24. fxg5 hxg5 25. Bf3 Qxb3 26. cxb3 Ne5 27. Be2
Rac8 28. a4 bxa4 29. bxa4 a5 30. Rec1 f5 31. Be1 Rxc1 32. Rxc1 Ra8 33. Rc7 Bf6
34. Rb7 Rc8 35. Rb1 Rc2 36. Bd1 Rc5 37. Bf2 Rc8 38. Be2 Kg7 39. Ba6 Rc2 40. h3
Nc4 41. Bc8 Kg6 42. g4 fxg4 43. hxg4 Kg7 44. Bf5 Ra2 45. Bd7 Nd2 46. Rd1 Nf3+
47. Kf1 Ne5 48. Bb5 Nxg4 49. Bb6 Nh2+ 50. Kg1 Nf3+ 51. Kf1 Nd2+ 52. Kg1 g4 53.
Bxa5 Bd4+ 54. Kh1 Nf3 0-1

[Event "España ch sub-18 2007"]
[Site "Granada ESP"]
[Date "2007.07.31"]
[Round "5.13"]
[White "Sanchez-Alarcos Galian, Victor"]
[Black "Senlle Caride, Miguel"]
[Result "1/2-1/2"]
[WhiteElo "1958"]
[BlackElo "2179"]
[PlyCount "128"]
[EventDate "2007.07.29"]
[EventType "swiss"]
[EventRounds "9"]
[EventCountry "ESP"]
[Source "lmi"]
[SourceDate "2007.07.29"]

1. d4 Nf6 2. Nf3 g6 3. Bf4 Bg7 4. e3 d5 5. h3 O-O 6. Be2 Ne4 7. Nbd2 Nxd2 8.
Qxd2 Nd7 9. O-O Re8 10. Rfd1 c6 11. c4 Nf6 12. Rac1 Ne4 13. Qc2 e6 14. Bd3 f5
15. Be5 g5 16. Bxg7 Kxg7 17. Bxe4 fxe4 18. Ne5 Bd7 19. c5 Rf8 20. Qe2 Be8 21.
g4 Bg6 22. b4 a6 23. a4 Qe7 24. Rb1 Be8 25. Kf1 Qf6 26. Ke1 Rb8 27. Rdc1 Qh6
28. Qf1 Qf6 29. Qg2 Qe7 30. Qg3 Ra8 31. Rc2 Qc7 32. Qg2 a5 33. b5 cxb5 34. axb5
a4 35. Kd1 Qa5 36. c6 bxc6 37. bxc6 a3 38. Qf1 a2 39. Ra1 Qb4 40. Qe2 Qb1+ 41.
Rc1 Qb3+ 42. Qc2 Qb5 43. Ke1 Qa5+ 44. Qc3 Qb5 45. Qd2 Qb3 46. Kf1 Ra6 47. Kg2
h5 48. Rc2 hxg4 49. hxg4 Qb1 50. Qc1 Qxc1 51. Rcxc1 Bg6 52. Rc2 Rfa8 53. Kf1
Be8 54. Ke1 Kf6 55. Kd2 Ke7 56. c7 Rc8 57. Raxa2 Rxa2 58. Rxa2 Rxc7 59. Rc2
Rxc2+ 60. Kxc2 Ba4+ 61. Kd2 Be8 62. f3 exf3 63. Nxf3 Kf6 64. Kc3 Ba4 1/2-1/2

[Event "España ch sub-18 2007"]
[Site "Granada ESP"]
[Date "2007.07.31"]
[Round "5.14"]
[White "Alarcia Astiz, Carlos"]
[Black "Fidalgo Fernandez, Lucia"]
[Result "1/2-1/2"]
[WhiteElo "2173"]
[BlackElo "2068"]
[PlyCount "100"]
[EventDate "2007.07.29"]
[EventType "swiss"]
[EventRounds "9"]
[EventCountry "ESP"]
[Source "lmi"]
[SourceDate "2007.07.29"]

1. e4 c5 2. Nf3 e6 3. d3 Nc6 4. g3 Nge7 5. Bg2 g6 6. O-O Bg7 7. c3 O-O 8. Be3
b6 9. Re1 Bb7 10. d4 d6 11. Na3 Rc8 12. Qd2 a6 13. Bh6 Qc7 14. Rac1 Rfd8 15.
Qf4 d5 16. e5 Bxh6 17. Qxh6 Nf5 18. Qf4 Qe7 19. Nc2 cxd4 20. Ncxd4 Ncxd4 21.
cxd4 Rc4 22. Bf1 Rxc1 23. Rxc1 Rc8 24. Rxc8+ Bxc8 25. Qc1 Qd8 26. g4 Ne7 27. h4
Kg7 28. Bd3 Bb7 29. a3 h6 30. h5 Ng8 31. hxg6 fxg6 32. Qc2 Ne7 33. Nh4 Nc6 34.
Nf3 Qf8 35. Nh2 Qf7 36. Bxa6 Nxd4 37. Qd3 Bxa6 38. Qxd4 Qc7 39. Qf4 Qe7 40. Nf3
g5 41. Qd4 Qc5 42. Qa4 Qc4 43. Qd7+ Kh8 44. Qe8+ Kg7 45. Qe7+ Kh8 46. Qf8+ Kh7
47. Qf7+ Kh8 48. Qf8+ Kh7 49. Qf7+ Kh8 50. Qf6+ Kh7 1/2-1/2

[Event "España ch sub-18 2007"]
[Site "Granada ESP"]
[Date "2007.07.31"]
[Round "5.15"]
[White "Ladron De Guevara Pinto, Miguel"]
[Black "Robles Garcia, Claudia"]
[Result "1/2-1/2"]
[WhiteElo "2052"]
[BlackElo "2167"]
[PlyCount "48"]
[EventDate "2007.07.29"]
[EventType "swiss"]
[EventRounds "9"]
[EventCountry "ESP"]
[Source "lmi"]
[SourceDate "2007.07.29"]

1. e4 c5 2. Nf3 d6 3. d4 cxd4 4. Nxd4 Nf6 5. Nc3 a6 6. Bc4 e6 7. Bb3 Nbd7 8.
O-O Nc5 9. f3 Be7 10. Be3 O-O 11. a4 e5 12. Nde2 Nxb3 13. cxb3 Be6 14. Nd5 Nxd5
15. exd5 Bf5 16. a5 Rc8 17. Nc3 Bg5 18. Bb6 Qf6 19. Ne4 Qg6 20. Nxg5 Qxg5 21.
Rf2 Qg6 22. Qe1 Bc2 23. Qb4 Qd3 24. Qxd6 Bxb3 1/2-1/2

[Event "España ch sub-18 2007"]
[Site "Granada ESP"]
[Date "2007.07.31"]
[Round "5.16"]
[White "Guetas Sanchez, Hugo"]
[Black "Velandrino Gomez, Maria Cielo"]
[Result "1-0"]
[WhiteElo "2161"]
[BlackElo "2028"]
[PlyCount "111"]
[EventDate "2007.07.29"]
[EventType "swiss"]
[EventRounds "9"]
[EventCountry "ESP"]
[Source "lmi"]
[SourceDate "2007.07.29"]

1. Nf3 d5 2. g3 Nf6 3. Bg2 Bg4 4. O-O e6 5. d3 Bd6 6. Nbd2 Nbd7 7. h3 Bh5 8. e4
c6 9. Qe1 Qc7 10. b3 O-O 11. Bb2 dxe4 12. dxe4 e5 13. g4 Bg6 14. Nh4 Bc5 15.
Qe2 Rfe8 16. Bf3 Nf8 17. Ng2 Ne6 18. h4 h6 19. a4 Nd4 20. Bxd4 Bxd4 21. Rac1
Bb2 22. Rb1 Bd4 23. Ne3 a5 24. Nf5 Bc5 25. Qc4 Nd7 26. Kg2 b6 27. c3 Nf8 28.
Ng3 Ne6 29. Ne2 f6 30. b4 axb4 31. cxb4 Rxa4 32. Qc3 Bf8 33. Rfc1 c5 34. bxc5
bxc5 35. Nc4 Ra6 36. Ne3 Bf7 37. Nd5 Qa7 38. Ra1 Ra8 39. Rxa6 Qxa6 40. g5 hxg5
41. Bg4 Qc6 42. Qh3 Nf4+ 43. Nexf4 gxf4 44. Bd7 Qd6 45. Rd1 Rd8 46. Bg4 Qb8 47.
h5 c4 48. h6 gxh6 49. Nxf6+ Kh8 50. Nd7 Qb7 51. Nxf8 Rxf8 52. Qxh6+ Kg8 53. Bf5
Rb8 54. Bh7+ Kh8 55. Qf6+ Kxh7 56. Rh1+ 1-0

[Event "España ch sub-18 2007"]
[Site "Granada ESP"]
[Date "2007.07.31"]
[Round "5.17"]
[White "Mejuto De Ulloa, Jorge"]
[Black "Garcia-Ortega Mendez, Jose Manuel"]
[Result "1/2-1/2"]
[WhiteElo "2062"]
[BlackElo "2151"]
[PlyCount "104"]
[EventDate "2007.07.29"]
[EventType "swiss"]
[EventRounds "9"]
[EventCountry "ESP"]
[Source "lmi"]
[SourceDate "2007.07.29"]

1. e4 e5 2. Nf3 Nc6 3. Bc4 Nf6 4. Ng5 d5 5. exd5 Na5 6. Bb5+ c6 7. dxc6 bxc6 8.
Qf3 h6 9. Ne4 Nd5 10. Ba4 Be7 11. Nbc3 O-O 12. d3 f5 13. Ng3 Be6 14. Qe2 Bd6
15. Bd2 Rb8 16. Nd1 Re8 17. O-O Nf4 18. Qe1 Bc7 19. b4 Qh4 20. Ne3 e4 21. bxa5
exd3 22. cxd3 Nxd3 23. Qe2 Qxa4 24. Qxd3 f4 25. Rfe1 fxg3 26. hxg3 Rbd8 27. Qc3
Qb5 28. Rab1 Qd3 29. Rb7 Qxd2 30. Qxd2 Rxd2 31. Rxc7 Bd5 32. Rxa7 Rxa2 33. Rd1
Rf8 34. f3 Re8 35. Nxd5 cxd5 36. Rxd5 Ree2 37. Kh2 Rxg2+ 38. Kh3 Rgd2 39. Rb5
Rd6 40. Rb6 Rxb6 41. axb6 Rb2 42. b7 Kh7 43. Kg4 Kg6 44. f4 Rb3 45. Kh3 Rb2 46.
g4 Rb3+ 47. Kg2 h5 48. gxh5+ Kxh5 49. b8=Q Rxb8 50. Rxg7 Rb3 51. f5 Kh6 52. Rg4
Rb5 1/2-1/2

[Event "España ch sub-18 2007"]
[Site "Granada ESP"]
[Date "2007.07.31"]
[Round "5.18"]
[White "Romero Lopez, Marta"]
[Black "Lopez Quevedo, Angel Carlos"]
[Result "0-1"]
[WhiteElo "2004"]
[BlackElo "2148"]
[PlyCount "36"]
[EventDate "2007.07.29"]
[EventType "swiss"]
[EventRounds "9"]
[EventCountry "ESP"]
[Source "lmi"]
[SourceDate "2007.07.29"]

1. d4 d5 2. Nf3 Nf6 3. e3 e6 4. Bd3 Bd6 5. Nbd2 c5 6. c3 Nc6 7. O-O O-O 8. Qe2
e5 9. dxe5 Nxe5 10. Nxe5 Bxe5 11. e4 Bc7 12. e5 Ng4 13. Nf3 Re8 14. Ng5 Rxe5
15. Bxh7+ Kf8 16. Qd2 Nxh2 17. Re1 Qxg5 18. Re3 Ng4 0-1

[Event "España ch sub-18 2007"]
[Site "Granada ESP"]
[Date "2007.07.31"]
[Round "5.19"]
[White "Trigo Urquijo, Sergio"]
[Black "De Nacimiento Montaño, Angel"]
[Result "1-0"]
[WhiteElo "2145"]
[BlackElo "1999"]
[PlyCount "85"]
[EventDate "2007.07.29"]
[EventType "swiss"]
[EventRounds "9"]
[EventCountry "ESP"]
[Source "lmi"]
[SourceDate "2007.07.29"]

1. e4 c5 2. Nc3 g6 3. g3 Bg7 4. Bg2 d6 5. d3 Nf6 6. Nge2 Nc6 7. O-O O-O 8. f4
Bg4 9. h3 Bxe2 10. Nxe2 Nd7 11. c3 Rb8 12. Be3 b5 13. d4 b4 14. dxc5 bxc3 15.
bxc3 Nxc5 16. Qd5 e6 17. Qd1 Qe7 18. e5 d5 19. c4 Nb4 20. a3 Nbd3 21. cxd5 exd5
22. Nc3 Nb2 23. Nxd5 Qe6 24. Qg4 Nb3 25. Rab1 Nc4 26. Rfe1 Nxa3 27. Bxa7 Nxb1
28. Bxb8 Rxb8 29. Qxe6 fxe6 30. Rxb1 exd5 31. Bxd5+ Kf8 32. Rxb3 Rxb3 33. Bxb3
Ke7 34. Bg8 g5 35. Kf2 h5 36. Kf3 Bh6 37. f5 Kf8 38. Bh7 h4 39. g4 Ke8 40. f6
Bf8 41. Ke4 Ba3 42. Kf5 Bb2 43. e6 1-0

[Event "España ch sub-18 2007"]
[Site "Granada ESP"]
[Date "2007.07.31"]
[Round "5.20"]
[White "Castellano Egea, Einar"]
[Black "Rodriguez Perez, David Antonio"]
[Result "0-1"]
[WhiteElo "2119"]
[BlackElo "2018"]
[PlyCount "118"]
[EventDate "2007.07.29"]
[EventType "swiss"]
[EventRounds "9"]
[EventCountry "ESP"]
[Source "lmi"]
[SourceDate "2007.07.29"]

1. e4 c5 2. Nf3 d6 3. c3 Nf6 4. h3 Nbd7 5. Bd3 b6 6. Bc2 Bb7 7. d3 Qc7 8. Qe2
Rc8 9. a4 e6 10. O-O Be7 11. Na3 O-O 12. Bf4 Qb8 13. Bh2 Qa8 14. Rfe1 Ne8 15.
Nd2 e5 16. a5 Bc6 17. axb6 axb6 18. Nb5 Qb7 19. Na7 Ra8 20. Nxc6 Qxc6 21. Bb3
Nc7 22. f4 exf4 23. Bxf4 Bf6 24. Qg4 b5 25. Qg3 Be5 26. Rxa8 Nxa8 27. Rf1 Nab6
28. Bd1 Na4 29. Bxe5 dxe5 30. Bxa4 bxa4 31. Nc4 f6 32. Ne3 Nb6 33. Nf5 Qc7 34.
d4 g6 35. h4 Kh8 36. Ne3 Kg7 37. h5 Qb8 38. dxc5 Nd7 39. h6+ Kh8 40. Nd5 Qc8
41. Kh1 Qxc5 42. Qh4 f5 43. Qh3 Qd6 44. Kh2 Nc5 45. exf5 e4+ 46. Qg3 Qxd5 47.
fxg6 Qh5+ 48. Kg1 Rxf1+ 49. Kxf1 Qd1+ 50. Kf2 Qd2+ 51. Kg1 Qc1+ 52. Kf2 Qxb2+
53. Kg1 Qc1+ 54. Kf2 Qb2+ 55. Kg1 Qc1+ 56. Kf2 Nd3+ 57. Ke2 Nf4+ 58. Kf2 Qd2+
59. Kf1 Qd3+ 0-1

[Event "España ch sub-18 2007"]
[Site "Granada ESP"]
[Date "2007.07.31"]
[Round "5.21"]
[White "Sanchez Ibern, Eric"]
[Black "Martin Alvarez, Iñigo"]
[Result "1/2-1/2"]
[WhiteElo "1976"]
[BlackElo "2154"]
[PlyCount "39"]
[EventDate "2007.07.29"]
[EventType "swiss"]
[EventRounds "9"]
[EventCountry "ESP"]
[Source "lmi"]
[SourceDate "2007.07.29"]

1. e4 c5 2. Nc3 e6 3. Nge2 d5 4. exd5 exd5 5. d4 Be6 6. g3 Nc6 7. Bg2 Nf6 8.
O-O Qd7 9. dxc5 Bxc5 10. Nf4 O-O-O 11. a3 Bg4 12. Qd3 Ne5 13. Qb5 Qxb5 14. Nxb5
Rhe8 15. b4 Bb6 16. Bb2 a6 17. Bd4 Bxd4 18. Nxd4 g5 19. Nd3 Nc4 20. a4 1/2-1/2

[Event "España ch sub-18 2007"]
[Site "Granada ESP"]
[Date "2007.07.31"]
[Round "5.22"]
[White "Porras Dalmau, Daniel"]
[Black "Herrera Delgado, Alejandro"]
[Result "1/2-1/2"]
[WhiteElo "1958"]
[BlackElo "2150"]
[PlyCount "104"]
[EventDate "2007.07.29"]
[EventType "swiss"]
[EventRounds "9"]
[EventCountry "ESP"]
[Source "lmi"]
[SourceDate "2007.07.29"]

1. d4 d5 2. Nf3 Nc6 3. Bf4 Bg4 4. e3 e6 5. Be2 Bd6 6. Bxd6 cxd6 7. c4 dxc4 8.
Bxc4 d5 9. Be2 Nf6 10. Qb3 O-O 11. O-O Qe7 12. Nbd2 Ne4 13. Bb5 f5 14. Bxc6
bxc6 15. Nxe4 fxe4 16. Ne5 Qg5 17. Nxg4 Qxg4 18. Rac1 Rf6 19. Qd1 Qg5 20. f4
exf3 21. Rxf3 Raf8 22. Rxf6 Qxe3+ 23. Kh1 Rxf6 24. Rxc6 Qf2 25. Rc8+ Kf7 26.
Rc7+ Kf8 27. h3 Qf1+ 28. Qxf1 Rxf1+ 29. Kh2 Rf2 30. Rxa7 Rxb2 31. Ra4 Kf7 32.
Kg3 Kf6 33. Kf3 g5 34. g4 Rh2 35. Kg3 Rc2 36. Kf3 h6 37. Kg3 Rc3+ 38. Kg2 Rd3
39. Kh2 Rd2+ 40. Kg3 Rc2 41. Kf3 Rc3+ 42. Kg2 Rc6 43. Kf3 e5 44. dxe5+ Kxe5 45.
Ra3 Rf6+ 46. Kg3 Ke4 47. Ra8 d4 48. Re8+ Kd3 49. a4 Kd2 50. a5 d3 51. Rb8 Ke2
52. Rb6 Rxb6 1/2-1/2

[Event "España ch sub-18 2007"]
[Site "Granada ESP"]
[Date "2007.07.31"]
[Round "5.23"]
[White "Fernandez Molina, Victor Manuel"]
[Black "Garcia Blanco, Omar"]
[Result "0-1"]
[WhiteElo "1936"]
[BlackElo "2148"]
[PlyCount "70"]
[EventDate "2007.07.29"]
[EventType "swiss"]
[EventRounds "9"]
[EventCountry "ESP"]
[Source "lmi"]
[SourceDate "2007.07.29"]

1. d4 Nf6 2. Nf3 g6 3. c4 c5 4. Nc3 Bg7 5. e4 cxd4 6. Nxd4 O-O 7. Be3 Nc6 8. f3
d6 9. Rc1 Bd7 10. Qd2 Nxd4 11. Bxd4 Bc6 12. Be2 Nd7 13. Be3 Qa5 14. b3 Rfc8 15.
g4 h5 16. Nd5 Qxd2+ 17. Bxd2 Bxd5 18. exd5 hxg4 19. fxg4 a5 20. O-O Nc5 21. Be3
Na6 22. h4 a4 23. Bd2 axb3 24. axb3 Nc5 25. Bd1 Bd4+ 26. Kg2 Ra2 27. Rc2 Rca8
28. b4 Nd3 29. Kf3 R2a3 30. Ke4 Bg7 31. Be2 Ne5 32. Bc3 Rb3 33. Rfc1 Raa3 34.
c5 dxc5 35. Bc4 Nxc4 0-1

[Event "España ch sub-18 2007"]
[Site "Granada ESP"]
[Date "2007.07.31"]
[Round "5.24"]
[White "Riera Morilla, Elizabeth"]
[Black "Hernandez Funes, Ruben"]
[Result "1-0"]
[WhiteElo "1952"]
[BlackElo "2144"]
[PlyCount "75"]
[EventDate "2007.07.29"]
[EventType "swiss"]
[EventRounds "9"]
[EventCountry "ESP"]
[Source "lmi"]
[SourceDate "2007.07.29"]

1. e4 c5 2. Nf3 Nc6 3. d4 cxd4 4. Nxd4 Qb6 5. Nxc6 dxc6 6. Bd3 e5 7. Qh5 Qc7 8.
O-O Nf6 9. Qe2 Be7 10. f4 Ng4 11. Kh1 Bc5 12. Nc3 h5 13. Na4 Bd6 14. f5 Qe7 15.
Qe1 b5 16. Nc3 Bb4 17. Bd2 Bb7 18. a4 a6 19. axb5 axb5 20. Rxa8+ Bxa8 21. Qg3
Qa7 22. Be2 Qd4 23. Bxg4 hxg4 24. Be3 Qd6 25. Rd1 Qc7 26. Qxg4 f6 27. Qg6+ Kf8
28. Bb6 Qxb6 29. Rd7 Be7 30. Rxe7 Kxe7 31. Qxg7+ Kd6 32. Qxf6+ Kd7 33. Qg7+ Kd6
34. Qxh8 Qe3 35. Qd8+ Kc5 36. Qd1 b4 37. Na4+ Kb5 38. Qd3+ 1-0

[Event "España ch sub-18 2007"]
[Site "Granada ESP"]
[Date "2007.07.31"]
[Round "5.25"]
[White "Galvan Ruiz, Mario"]
[Black "Lluis Alabedra, Alvar"]
[Result "1/2-1/2"]
[WhiteElo "1933"]
[BlackElo "2096"]
[PlyCount "91"]
[EventDate "2007.07.29"]
[EventType "swiss"]
[EventRounds "9"]
[EventCountry "ESP"]
[Source "lmi"]
[SourceDate "2007.07.29"]

1. e4 c5 2. Nf3 e6 3. Nc3 Nc6 4. d4 cxd4 5. Nxd4 Qc7 6. Be3 a6 7. Be2 Nf6 8.
O-O Bb4 9. Na4 Be7 10. Nxc6 bxc6 11. Nb6 Rb8 12. Nxc8 Qxc8 13. Bd4 O-O 14. Qd3
c5 15. Be5 d6 16. Bxd6 Bxd6 17. Qxd6 Nxe4 18. Qe5 Nf6 19. b3 Rd8 20. Rad1 Qc6
21. Bf3 Qb6 22. c4 Ne8 23. Qe2 Rxd1 24. Rxd1 Rd8 25. Rxd8 Qxd8 26. Qd1 Qxd1+
27. Bxd1 Kf8 28. Kf1 Ke7 29. Ke2 Kd6 30. Kd3 Nc7 31. a3 a5 32. Kc3 Na6 33. Bf3
Ke7 34. Be4 f5 35. Bc2 Kd6 36. f4 g6 37. Bd1 e5 38. fxe5+ Kxe5 39. Bf3 Kd6 40.
Bb7 Nb8 41. b4 axb4+ 42. axb4 cxb4+ 43. Kxb4 Nd7 44. Kb5 Nc5 45. Bd5 h6 46. h4
1/2-1/2

[Event "España ch sub-18 2007"]
[Site "Granada ESP"]
[Date "2007.07.31"]
[Round "5.26"]
[White "Guadamuro Torrente, Anabel"]
[Black "Rodriguez Perez, Angel Mariano"]
[Result "1/2-1/2"]
[WhiteElo "2095"]
[BlackElo "1929"]
[PlyCount "117"]
[EventDate "2007.07.29"]
[EventType "swiss"]
[EventRounds "9"]
[EventCountry "ESP"]
[Source "lmi"]
[SourceDate "2007.07.29"]

1. e4 d6 2. d4 g6 3. Nc3 Bg7 4. Nf3 Nf6 5. h3 c5 6. dxc5 Qa5 7. Bb5+ Bd7 8.
Bxd7+ Nbxd7 9. O-O Qxc5 10. Be3 Qa5 11. a3 O-O 12. Qd2 a6 13. Rad1 Rfd8 14. Bh6
Qb6 15. Bxg7 Kxg7 16. Rb1 Rac8 17. Nd5 Nxd5 18. exd5 Nf6 19. Rfe1 Rd7 20. Re3
Rc5 21. Rd3 Qb5 22. Nd4 Qc4 23. Nf5+ gxf5 24. Rg3+ Kf8 25. Qg5 Rd8 26. Re1 Qxd5
27. Qg7+ Ke8 28. Qxf6 Kd7 29. Rxe7+ Kc8 30. Rd3 Qc6 31. Rxf7 Rxc2 32. Qxf5+ Kb8
33. Rb3 Rxb2 34. Rfxb7+ Qxb7 35. Rxb7+ Rxb7 36. Qa5 Rdd7 37. Qxa6 d5 38. Qd3 d4
39. f4 Rbc7 40. f5 Rc3 41. Qb5+ Kc7 42. f6 Rc6 43. Qa5+ Kb7 44. f7 Rxf7 45.
Qb4+ Kc8 46. Qxd4 Rcc7 47. a4 Rfd7 48. Qg4 Kb7 49. a5 Ka6 50. Qf5 Rb7 51. h4
Rd1+ 52. Kh2 Rdb1 53. Kh3 R1b5 54. Qe6+ Kxa5 55. g3 h5 56. Qe1+ Ka6 57. Qa1+
Kb6 58. Qf6+ Kc7 59. Qe7+ 1/2-1/2

[Event "España ch sub-18 2007"]
[Site "Granada ESP"]
[Date "2007.07.31"]
[Round "5.27"]
[White "Terrones Launes, Mireia"]
[Black "Torres Tellez, Jonathan"]
[Result "0-1"]
[WhiteElo "1925"]
[BlackElo "2084"]
[PlyCount "52"]
[EventDate "2007.07.29"]
[EventType "swiss"]
[EventRounds "9"]
[EventCountry "ESP"]
[Source "lmi"]
[SourceDate "2007.07.29"]

1. e4 e5 2. Nf3 Nc6 3. Bc4 d6 4. d3 Bg4 5. Be3 Be7 6. h3 Bh5 7. Nc3 Nf6 8. Qd2
Qd7 9. Bb3 a6 10. g4 Bg6 11. O-O-O Na5 12. Qe2 Nxb3+ 13. axb3 Qc6 14. Rhe1 b5
15. Nd2 d5 16. exd5 Nxd5 17. Nxd5 Qxd5 18. f4 f6 19. fxe5 O-O 20. Bf4 Bb4 21.
Qh2 Qc6 22. Kb1 a5 23. exf6 Rxf6 24. h4 a4 25. bxa4 Rxa4 26. b3 Ra1+ 0-1